00612 2200229 4500001002100000005001500021035002000036007000300056008004100059020001800100082000800118084001400126100002500140245004400165250002000209300002500229264004500254336002100299337003000320338002300350990000900373INLIS00000000000272020260205014737 a0010-0226000009ta260205 0  a979-511-152-3 a899 a899 S.M m0 aS.Mara GdePengarang1 aMelisa 10 Pilihan Pilihan /cS.Mara Gd. acetakan pertama a128 Halaman ;c18 cm aJakarta :bGramedia Pustaka Utama,c1991 2rdacontentateks 2rdamediaatanpa perantara 2rdacarrieravolume a6082